000 00446nam a2200181Ia 4500
001 10309
005 20260306161822.0
008 260306t2009||||xx |||||||||||||| ||spa||
041 _aESP
082 _a918.509
_bS29
100 _aSchilder, Günter
_eAUT
245 0 _aPerú en los mapas holandeses:
_bsiglos XVI - XVIII
260 _c2009
300 _a27 páginas :
_c30 cm.
650 _aGEN
654 _aCHU
942 _cLIB
_dJUS
_fJUS
_2ddc
_n
999 _c10309
_d10309